[Event "Campeonato Individual de Madrid 2006/07"]
[Site "Madrid ESP"]
[Date "2007.03.13"]
[Round "8.4"]
[White "Avendano Mateos, Jose"]
[Black "Pastor Alonso de Prado, Alberto"]
[Result "1-0"]
[WhiteElo "1912"]
[BlackElo "2212"]
[PlyCount "71"]
[EventDate "2007.02.28"]
[EventType "tourn"]
[EventRounds "11"]
[EventCountry "ESP"]
[EventCategory "1"]
[Source "lmi"]
[SourceDate "2007.02.28"]

1. d4 d5 2. Nf3 c6 3. Bf4 Qb6 4. Qc1 Nf6 5. e3 Bf5 6. Bd3 Bxd3 7. cxd3 Na6 8.
a3 c5 9. O-O e6 10. Nc3 Nh5 11. Na4 Nxf4 12. exf4 Qb5 13. Nxc5 Bxc5 14. dxc5
Nxc5 15. Nd4 Qb6 16. Qe3 O-O 17. b4 Nd7 18. Rfc1 Rac8 19. Nb3 g6 20. Qxb6 Nxb6
21. Na5 Na4 22. Nxb7 Nb2 23. Nc5 Rxc5 24. Rxc5 Nxd3 25. Rc7 Nxf4 26. Rxa7 Rc8
27. b5 Rb8 28. Rb1 d4 29. g3 Ne2+ 30. Kf1 Nc3 31. Rb4 Nd5 32. Rxd4 Rxb5 33. a4
Rb1+ 34. Kg2 f5 35. Rc4 Rb8 36. a5 1-0

[Event "Campeonato Individual de Madrid 2006/07"]
[Site "Madrid ESP"]
[Date "2007.03.13"]
[Round "8.5"]
[White "Franco Alonso, Alejandro"]
[Black "De la Fuente Gonzalez, Francisco"]
[Result "1/2-1/2"]
[WhiteElo "2440"]
[BlackElo "2242"]
[PlyCount "146"]
[EventDate "2007.02.28"]
[EventType "tourn"]
[EventRounds "11"]
[EventCountry "ESP"]
[EventCategory "1"]
[Source "lmi"]
[SourceDate "2007.02.28"]

1. d4 d5 2. c4 c6 3. e3 Nf6 4. Nc3 e6 5. Bd2 Nbd7 6. Rc1 Be7 7. Nf3 O-O 8. Qc2
c5 9. Be2 dxc4 10. dxc5 Bxc5 11. Bxc4 b6 12. O-O Bb7 13. Rfd1 Rc8 14. Be2 Qc7
15. Qa4 a5 16. a3 Ne5 17. Nxe5 Qxe5 18. Qf4 Qxf4 19. exf4 Ne4 20. Nxe4 Bxe4 21.
Be3 Bxe3 22. fxe3 Rxc1 23. Rxc1 Rd8 24. Kf2 Kf8 25. Rc4 f5 26. Rd4 Ke7 27. Rxd8
Kxd8 28. g3 Ke7 29. Ke1 Kd6 30. Kd2 e5 31. Kc3 Bd5 32. Bd3 Ke6 33. g4 fxg4 34.
Bxh7 exf4 35. exf4 Kf6 36. Kd4 Be6 37. Bd3 g5 38. Ke3 Bd7 39. Be2 Bf5 40. Bf1
Bd7 41. fxg5+ Kxg5 42. Ke4 Kh4 43. Kd5 Ba4 44. Kd6 Bb3 45. Ke5 a4 46. Kf4 Bd1
47. Bg2 Be2 48. Ke3 Bd1 49. Bf1 Bb3 50. Kf2 Bd1 51. Kg2 Bb3 52. Kf2 Bd1 53. Ke1
Bb3 54. Kd2 Be6 55. Ke3 Bb3 56. Ke4 Bd1 57. Ke5 Bf3 58. Kd6 Bd1 59. Kc6 Bc2 60.
Kxb6 Bd1 61. Kc5 Bc2 62. Kd4 Bd1 63. Bg2 Bb3 64. Ke3 Bd1 65. Kd2 Bb3 66. Bf1
Be6 67. b4 axb3 68. Kc3 g3 69. hxg3+ Kxg3 70. a4 Bd5 71. a5 Kf4 72. Kd4 b2 73.
Bd3 Ba2 1/2-1/2

[Event "Campeonato Individual de Madrid 2006/07"]
[Site "Madrid ESP"]
[Date "2007.03.13"]
[Round "8.6"]
[White "Almagro Llanas, Pablo"]
[Black "Sanchez Garcia, Aurelio"]
[Result "1-0"]
[WhiteElo "2394"]
[BlackElo "2104"]
[PlyCount "55"]
[EventDate "2007.02.28"]
[EventType "tourn"]
[EventRounds "11"]
[EventCountry "ESP"]
[EventCategory "1"]
[Source "lmi"]
[SourceDate "2007.02.28"]

1. e4 e6 2. d4 d5 3. Nc3 Nf6 4. Bg5 Be7 5. e5 Nfd7 6. h4 O-O 7. Bd3 c5 8. Qh5
g6 9. Qh6 Nc6 10. Nf3 Nxd4 11. Nxd4 cxd4 12. f4 Re8 13. Bxe7 Qxe7 14. h5 Nc5
15. hxg6 Nxd3+ 16. cxd3 fxg6 17. Nb5 Qb4+ 18. Ke2 Re7 19. Nd6 Bd7 20. b3 Qc3
21. Rad1 a6 22. Rh3 a5 23. Rdh1 Qc2+ 24. Kf3 Qxd3+ 25. Kg4 Qe2+ 26. Kg5 Rf8 27.
Qxg6+ Rg7 28. Qxg7+ 1-0

[Event "Campeonato Individual de Madrid 2006/07"]
[Site "Madrid ESP"]
[Date "2007.03.14"]
[Round "9.1"]
[White "Sanchez Garcia, Aurelio"]
[Black "Vazquez Gonzalez, Jesus"]
[Result "1/2-1/2"]
[WhiteElo "2104"]
[BlackElo "2110"]
[PlyCount "21"]
[EventDate "2007.02.28"]
[EventType "tourn"]
[EventRounds "11"]
[EventCountry "ESP"]
[EventCategory "1"]
[Source "lmi"]
[SourceDate "2007.02.28"]

1. Nf3 g6 2. d4 Bg7 3. e4 c6 4. Nc3 d5 5. h3 dxe4 6. Nxe4 Nf6 7. Nxf6+ Bxf6 8.
Bh6 Qa5+ 9. c3 Qh5 10. Qd2 Rg8 11. Be3 1/2-1/2

[Event "Campeonato Individual de Madrid 2006/07"]
[Site "Madrid ESP"]
[Date "2007.03.14"]
[Round "9.2"]
[White "De la Fuente Gonzalez, Francisco"]
[Black "Almagro Llanas, Pablo"]
[Result "0-1"]
[WhiteElo "2242"]
[BlackElo "2394"]
[PlyCount "106"]
[EventDate "2007.02.28"]
[EventType "tourn"]
[EventRounds "11"]
[EventCountry "ESP"]
[EventCategory "1"]
[Source "lmi"]
[SourceDate "2007.02.28"]

1. c4 c6 2. g3 d5 3. Bg2 Nf6 4. Nf3 Bf5 5. O-O e6 6. b3 Nbd7 7. Bb2 Bd6 8. d3
Qe7 9. Nbd2 O-O 10. Qc2 e5 11. e4 dxe4 12. dxe4 Bg6 13. Nh4 Ba3 14. Nf5 Bxf5
15. Bxa3 Qxa3 16. exf5 a5 17. Ne4 Nxe4 18. Qxe4 Rfe8 19. Rad1 Nf6 20. Qc2 Qc5
21. Qe2 e4 22. g4 e3 23. h3 h5 24. Bf3 Re7 25. Rd3 Rae8 26. Kg2 Nh7 27. Rxe3
Rxe3 28. fxe3 Rxe3 29. Qd2 Qe7 30. Kf2 Re5 31. Kg2 Ng5 32. Rd1 Kh7 33. Qd3 f6
34. Rf1 Re3 35. Qd4 h4 36. c5 Qe5 37. Qxe5 fxe5 38. Rf2 Kg8 39. Be2 Kf7 40.
Bc4+ Ke7 41. Rd2 Ne4 42. Re2 Rxe2+ 43. Bxe2 Kf6 44. Kf3 Nxc5 45. Ke3 Nd7 46.
Bf3 Nf8 47. Be4 Nh7 48. Kd3 Ng5 49. Bg2 Ke7 50. Kc4 Kd6 51. a4 b6 52. b4 axb4
53. Kxb4 e4 0-1

[Event "Campeonato Individual de Madrid 2006/07"]
[Site "Madrid ESP"]
[Date "2007.03.14"]
[Round "9.3"]
[White "Pastor Alonso de Prado, Alberto"]
[Black "Franco Alonso, Alejandro"]
[Result "0-1"]
[WhiteElo "2212"]
[BlackElo "2440"]
[PlyCount "66"]
[EventDate "2007.02.28"]
[EventType "tourn"]
[EventRounds "11"]
[EventCountry "ESP"]
[EventCategory "1"]
[Source "lmi"]
[SourceDate "2007.02.28"]

1. e4 c5 2. Nf3 e6 3. d4 cxd4 4. Nxd4 Nf6 5. Bd3 Nc6 6. Nxc6 bxc6 7. O-O e5 8.
c4 Bc5 9. Qf3 d6 10. Nc3 Rb8 11. Rb1 Nd7 12. Kh1 O-O 13. Qg3 Re8 14. Bc2 Re6
15. Bg5 Qc7 16. Qd3 a5 17. a3 Ba6 18. Na4 Bd4 19. f4 f6 20. f5 Ree8 21. Bd2 d5
22. b3 Red8 23. Qe2 dxc4 24. bxc4 Nc5 25. Nxc5 Bxc5 26. Rf3 Rxb1+ 27. Bxb1 Kh8
28. Qe1 Bb6 29. Qc1 Qd6 30. Rd3 Qc5 31. Rxd8+ Bxd8 32. Bd3 Bb6 33. g4 Qf2 0-1

[Event "Campeonato Individual de Madrid 2006/07"]
[Site "Madrid ESP"]
[Date "2007.03.14"]
[Round "9.4"]
[White "Roa Alonso, Santiago"]
[Black "Avendano Mateos, Jose"]
[Result "1-0"]
[WhiteElo "2418"]
[BlackElo "1912"]
[PlyCount "51"]
[EventDate "2007.02.28"]
[EventType "tourn"]
[EventRounds "11"]
[EventCountry "ESP"]
[EventCategory "1"]
[Source "lmi"]
[SourceDate "2007.02.28"]

1. e4 c6 2. d3 d5 3. Nd2 e5 4. Ngf3 Bd6 5. g3 Nf6 6. Bg2 O-O 7. O-O Na6 8. b3
Bg4 9. Bb2 Re8 10. h3 Bh5 11. Re1 d4 12. a3 Nc5 13. Qc1 b5 14. Nh4 Ne6 15. Nf5
Bg6 16. Nxd6 Qxd6 17. f4 Bh5 18. f5 Nf8 19. g4 Bxg4 20. hxg4 Nxg4 21. Nf3 f6
22. Re2 a5 23. a4 Rec8 24. Qe1 b4 25. Qg3 Nh6 26. Bxd4 1-0

[Event "Campeonato Individual de Madrid 2006/07"]
[Site "Madrid ESP"]
[Date "2007.03.14"]
[Round "9.6"]
[White "Rabadan, Velasco Raul"]
[Black "Ballesteros Gonzalez, David"]
[Result "1-0"]
[WhiteElo "2254"]
[BlackElo "2212"]
[PlyCount "89"]
[EventDate "2007.02.28"]
[EventType "tourn"]
[EventRounds "11"]
[EventCountry "ESP"]
[EventCategory "1"]
[Source "lmi"]
[SourceDate "2007.02.28"]

1. d4 g6 2. c4 Bg7 3. Nc3 c5 4. d5 d6 5. Nf3 Nf6 6. Nd2 O-O 7. e4 e5 8. Be2 Ne8
9. h4 f5 10. h5 f4 11. hxg6 hxg6 12. Bg4 Nf6 13. Bxc8 Qxc8 14. Nf3 Qg4 15. Qe2
Na6 16. Bd2 Nc7 17. Rh4 Qd7 18. O-O-O Nh5 19. Rdh1 Bf6 20. R4h3 Kg7 21. g4 fxg3
22. fxg3 Qg4 23. Qe3 Rh8 24. Nd1 Qd7 25. Nh4 Bxh4 26. Rxh4 Qe7 27. Nf2 Raf8 28.
Ng4 Ne8 29. Nh6 Qf6 30. a3 a6 31. b4 b6 32. a4 Qf3 33. Nf5+ Rxf5 34. exf5 Qxe3
35. Bxe3 Rf8 36. g4 Ng3 37. Bh6+ Kg8 38. R1h3 Nxf5 39. gxf5 Rxf5 40. a5 bxa5
41. b5 axb5 42. cxb5 Rf7 43. Bg5 Rb7 44. Rh8+ Kf7 45. Rf3+ 1-0

[Event "Campeonato Individual de Madrid 2006/07"]
[Site "Madrid ESP"]
[Date "2007.03.15"]
[Round "10.1"]
[White "Vazquez Gonzalez, Jesus"]
[Black "Ballesteros Gonzalez, David"]
[Result "0-1"]
[WhiteElo "2110"]
[BlackElo "2212"]
[PlyCount "60"]
[EventDate "2007.02.28"]
[EventType "tourn"]
[EventRounds "11"]
[EventCountry "ESP"]
[EventCategory "1"]
[Source "lmi"]
[SourceDate "2007.02.28"]

1. e4 g6 2. d4 d6 3. Nc3 c6 4. Bf4 Bg7 5. Nf3 Bg4 6. Qd2 Nd7 7. Be2 Nb6 8. b3
Bxf3 9. Bxf3 e5 10. dxe5 dxe5 11. Qxd8+ Rxd8 12. Be3 f5 13. O-O Nf6 14. Rad1
Kf7 15. Bxb6 axb6 16. exf5 gxf5 17. Na4 e4 18. Be2 Nd5 19. Bh5+ Ke6 20. c4 Nf4
21. Rxd8 Rxd8 22. g4 Nxh5 23. gxh5 Bd4 24. Rb1 Rg8+ 25. Kf1 Rg5 26. h6 Rh5 27.
Kg2 f4 28. Re1 f3+ 29. Kg3 Kf5 30. h4 Rxh4 0-1

[Event "Campeonato Individual de Madrid 2006/07"]
[Site "Madrid ESP"]
[Date "2007.03.15"]
[Round "10.2"]
[White "Vazquez Igarza, Renier"]
[Black "Rabadan, Velasco Raul"]
[Result "1/2-1/2"]
[WhiteElo "2524"]
[BlackElo "2254"]
[PlyCount "26"]
[EventDate "2007.02.28"]
[EventType "tourn"]
[EventRounds "11"]
[EventCountry "ESP"]
[EventCategory "1"]
[Source "lmi"]
[SourceDate "2007.02.28"]

1. e4 c5 2. Nf3 d6 3. d4 cxd4 4. Nxd4 Nf6 5. Nc3 e6 6. Be3 a6 7. a4 b6 8. Bd3
Bb7 9. O-O Nbd7 10. f3 Qc7 11. Qd2 Be7 12. Rae1 O-O 13. Kh1 Ne5 1/2-1/2

[Event "Campeonato Individual de Madrid 2006/07"]
[Site "Madrid ESP"]
[Date "2007.03.15"]
[Round "10.3"]
[White "Avendano Mateos, Jose"]
[Black "Gallardo Garcia, Andres"]
[Result "0-1"]
[WhiteElo "1912"]
[BlackElo "2341"]
[PlyCount "50"]
[EventDate "2007.02.28"]
[EventType "tourn"]
[EventRounds "11"]
[EventCountry "ESP"]
[EventCategory "1"]
[Source "lmi"]
[SourceDate "2007.02.28"]

1. d4 Nf6 2. Nf3 g6 3. c4 Bg7 4. Nc3 O-O 5. e4 d6 6. Be2 Na6 7. O-O e5 8. Be3
Ng4 9. Bg5 Qe8 10. h3 f6 11. Bd2 Nh6 12. Qc1 Nf7 13. dxe5 dxe5 14. Nd5 c6 15.
Nb4 Nc5 16. Nd3 Nxe4 17. Bb4 Ned6 18. Nfe1 e4 19. Nc5 b6 20. Nb3 c5 21. Bd2 f5
22. Nc2 Bb7 23. Ne3 Ne5 24. Nd5 Qf7 25. Bf4 Ndxc4 0-1

[Event "Campeonato Individual de Madrid 2006/07"]
[Site "Madrid ESP"]
[Date "2007.03.15"]
[Round "10.4"]
[White "Franco Alonso, Alejandro"]
[Black "Roa Alonso, Santiago"]
[Result "0-1"]
[WhiteElo "2440"]
[BlackElo "2418"]
[PlyCount "88"]
[EventDate "2007.02.28"]
[EventType "tourn"]
[EventRounds "11"]
[EventCountry "ESP"]
[EventCategory "1"]
[Source "lmi"]
[SourceDate "2007.02.28"]

1. d4 d5 2. c4 e6 3. Nf3 Nf6 4. g3 Bb4+ 5. Bd2 Be7 6. Bg2 O-O 7. O-O c6 8. Qc2
b6 9. Bf4 Bb7 10. Rd1 Nbd7 11. Nc3 dxc4 12. Nd2 Nd5 13. Nxc4 Nxf4 14. gxf4 g6
15. e3 Nf6 16. a4 Nd5 17. a5 b5 18. Ne5 a6 19. Ne4 Rc8 20. Nc5 Bxc5 21. Qxc5
Rc7 22. Rac1 Qh4 23. Nf3 Qd8 24. Ng5 Rd7 25. b4 h6 26. Nf3 Rc7 27. Ne5 Qh4 28.
Rd2 Rd8 29. Kh1 Kg7 30. Rg1 Rdc8 31. Be4 Nf6 32. f3 Nxe4 33. fxe4 Qh3 34. Rdg2
Kh7 35. Ng4 Qf3 36. Qe5 c5 37. Nf6+ Kg7 38. Ne8+ Kf8 39. Nxc7 Rxc7 40. Qxc7
Bxe4 41. Qxc5+ Kg8 42. Qc8+ Kg7 43. Qc1 Qf2 44. h3 Qg3 0-1

[Event "Campeonato Individual de Madrid 2006/07"]
[Site "Madrid ESP"]
[Date "2007.03.15"]
[Round "10.5"]
[White "Almagro Llanas, Pablo"]
[Black "Pastor Alonso de Prado, Alberto"]
[Result "1/2-1/2"]
[WhiteElo "2394"]
[BlackElo "2212"]
[PlyCount "68"]
[EventDate "2007.02.28"]
[EventType "tourn"]
[EventRounds "11"]
[EventCountry "ESP"]
[EventCategory "1"]
[Source "lmi"]
[SourceDate "2007.02.28"]

1. e4 e5 2. Nf3 Nc6 3. Bb5 Bc5 4. O-O Qf6 5. c3 Nge7 6. Re1 a6 7. Ba4 h6 8. d4
Ba7 9. Be3 b5 10. dxe5 Nxe5 11. Nxe5 Qxe5 12. Bxa7 Rxa7 13. Bb3 d6 14. Nd2 O-O
15. Nf3 Qf4 16. e5 Nc6 17. exd6 cxd6 18. Qc1 Qf6 19. Qd2 Ne5 20. Bd5 Re7 21.
Nd4 Bb7 22. Bxb7 Rxb7 23. f4 Nc4 24. Qf2 Rc8 25. Rad1 d5 26. Re2 b4 27. cxb4
Rxb4 28. Nb3 a5 29. Rxd5 a4 30. Nc5 Nb6 31. Rd1 Rxf4 32. Qe3 Nc4 33. Nd7 Qf5
34. Qe8+ Rxe8 1/2-1/2

[Event "Campeonato Individual de Madrid 2006/07"]
[Site "Madrid ESP"]
[Date "2007.03.15"]
[Round "10.6"]
[White "Sanchez Garcia, Aurelio"]
[Black "De la Fuente Gonzalez, Francisco"]
[Result "0-1"]
[WhiteElo "2104"]
[BlackElo "2242"]
[PlyCount "128"]
[EventDate "2007.02.28"]
[EventType "tourn"]
[EventRounds "11"]
[EventCountry "ESP"]
[EventCategory "1"]
[Source "lmi"]
[SourceDate "2007.02.28"]

1. d4 d5 2. Bf4 Nf6 3. e3 c5 4. c3 Nc6 5. Nd2 Qb6 6. Qb3 Qxb3 7. axb3 Nh5 8.
Bg5 h6 9. Bh4 g5 10. Be2 cxd4 11. cxd4 Nb4 12. Rc1 gxh4 13. Bxh5 Nd3+ 14. Kd1
Nxf2+ 15. Ke2 Nxh1 16. Ngf3 Rg8 17. Nxh4 Bg4+ 18. Bxg4 Rxg4 19. Ndf3 e6 20.
Rxh1 Be7 21. g3 Bxh4 22. Nxh4 Rc8 23. Kd3 Ke7 24. Ng2 Rc6 25. Ra1 a6 26. Nf4
Rg8 27. Ne2 Rgc8 28. Nc3 h5 29. Rf1 b5 30. Rf4 f5 31. Rh4 Rh8 32. Kd2 Rcc8 33.
Ne2 Rcg8 34. Nf4 Rg5 35. Kc3 a5 36. Kd2 Kd6 37. Nd3 Rg4 38. Rh3 Rh7 39. Nf4 Rg5
40. Nd3 Ke7 41. Rh4 Rg4 42. Rh3 Kf6 43. Nf2 Rgg7 44. Rh4 b4 45. Nd3 Rg4 46. Rh3
Rh6 47. Ne5 Rg7 48. Rh4 Ke7 49. Nc6+ Kd6 50. Ne5 Kc7 51. Nd3 Kb6 52. Nf4 Kb5
53. Nd3 a4 54. bxa4+ Kxa4 55. Nc5+ Kb5 56. Kc2 Rg4 57. Rh3 e5 58. Nb3 e4 59.
Nc1 Ka4 60. Ne2 h4 61. b3+ Ka3 62. Nf4 Rc6+ 63. Kd2 Kxb3 64. Nxd5 Ka3 0-1

[Event "Campeonato Individual de Madrid 2006/07"]
[Site "Madrid ESP"]
[Date "2007.03.16"]
[Round "11.2"]
[White "Pastor Alonso de Prado, Alberto"]
[Black "Sanchez Garcia, Aurelio"]
[Result "1/2-1/2"]
[WhiteElo "2212"]
[BlackElo "2104"]
[PlyCount "80"]
[EventDate "2007.02.28"]
[EventType "tourn"]
[EventRounds "11"]
[EventCountry "ESP"]
[EventCategory "1"]
[Source "lmi"]
[SourceDate "2007.02.28"]

1. Nf3 Nf6 2. d4 e6 3. Bg5 c5 4. c3 b6 5. Nbd2 Be7 6. e4 cxd4 7. cxd4 d6 8.
Bb5+ Bd7 9. Bd3 O-O 10. O-O Nc6 11. a3 a6 12. Qe2 b5 13. Rad1 h6 14. Bxf6 Bxf6
15. e5 dxe5 16. dxe5 Be7 17. Qe4 g6 18. h4 Be8 19. Qe3 Kg7 20. Ne4 Qc7 21. Nf6
Rh8 22. Qf4 Rd8 23. Be4 Qb6 24. h5 Nd4 25. Kh1 Nxf3 26. Qxf3 g5 27. Rxd8 Qxd8
28. Rd1 Qb6 29. Ng4 b4 30. axb4 Qxb4 31. b3 Bb5 32. Kh2 Rd8 33. Rxd8 Bxd8 34.
Qe3 Ba5 35. Kg3 Qc3 36. Kf3 Qxe3+ 37. Kxe3 Bb6+ 38. Kd2 a5 39. Bd3 Bc6 40. Bf1
Bc5 1/2-1/2

[Event "Campeonato Individual de Madrid 2006/07"]
[Site "Madrid ESP"]
[Date "2007.03.16"]
[Round "11.3"]
[White "Roa Alonso, Santiago"]
[Black "Almagro Llanas, Pablo"]
[Result "1/2-1/2"]
[WhiteElo "2418"]
[BlackElo "2394"]
[PlyCount "91"]
[EventDate "2007.02.28"]
[EventType "tourn"]
[EventRounds "11"]
[EventCountry "ESP"]
[EventCategory "1"]
[Source "lmi"]
[SourceDate "2007.02.28"]

1. e4 c6 2. c4 d5 3. exd5 cxd5 4. cxd5 Nf6 5. Nc3 Nxd5 6. Nf3 e6 7. d4 Nc6 8.
Bd3 Be7 9. O-O O-O 10. a3 Nxc3 11. bxc3 b6 12. Qe2 Bb7 13. Bb2 Bf6 14. Rad1 Qd6
15. Rfe1 Rfd8 16. h4 Rac8 17. c4 Ne7 18. d5 Bxb2 19. Bxh7+ Kxh7 20. Ng5+ Kg6
21. Qxb2 Qf4 22. Rd4 Qf6 23. Nxe6 Kh7 24. Nxd8 Rxd8 25. Qd2 Nf5 26. Rf4 Qg6 27.
Re5 Bc8 28. Qe2 f6 29. Ree4 Ba6 30. h5 Qg5 31. Qd3 Bc8 32. Rg4 Qc1+ 33. Kh2 Kh8
34. Rgf4 Bd7 35. Qf3 Nh6 36. Rxf6 Ng4+ 37. Rxg4 Bxg4 38. Rf8+ Rxf8 39. Qxf8+
Kh7 40. f3 Bxh5 41. d6 Qxc4 42. Qe7 Qf4+ 43. Kg1 Qc1+ 44. Kh2 Qf4+ 45. Kh1 Qc1+
46. Kh2 1/2-1/2

[Event "Campeonato Individual de Madrid 2006/07"]
[Site "Madrid ESP"]
[Date "2007.03.16"]
[Round "11.4"]
[White "Gallardo Garcia, Andres"]
[Black "Franco Alonso, Alejandro"]
[Result "0-1"]
[WhiteElo "2341"]
[BlackElo "2440"]
[PlyCount "74"]
[EventDate "2007.02.28"]
[EventType "tourn"]
[EventRounds "11"]
[EventCountry "ESP"]
[EventCategory "1"]
[Source "lmi"]
[SourceDate "2007.02.28"]

1. e4 c6 2. d4 d5 3. f3 g6 4. c3 Bg7 5. Be3 Nd7 6. Nd2 e5 7. dxe5 Bxe5 8. Qc2
Ne7 9. O-O-O Qc7 10. h4 Nf6 11. g4 Be6 12. Nh3 dxe4 13. Nc4 Bxc4 14. Bxc4 Ned5
15. Bd4 O-O 16. fxe4 Nb6 17. Be2 Rfe8 18. Be3 Bd6 19. Bf3 Nc4 20. Bg5 Re6 21.
h5 Rae8 22. hxg6 fxg6 23. Qb3 b5 24. Kb1 Nxe4 25. Bc1 Ng3 26. Rhg1 Ne2 27. Bxe2
Rxe2 28. Rd4 Qe7 29. Rgd1 Bc5 30. Rxc4 bxc4 31. Qxc4+ Kg7 32. Ng5 h6 33. Nf7
Qe4+ 34. Qxe4 R2xe4 35. Nxh6 Re1 36. Rd7+ R8e7 37. Rd8 Be3 0-1

[Event "Campeonato Individual de Madrid 2006/07"]
[Site "Madrid ESP"]
[Date "2007.03.16"]
[Round "11.5"]
[White "Rabadan, Velasco Raul"]
[Black "Avendano Mateos, Jose"]
[Result "1-0"]
[WhiteElo "2254"]
[BlackElo "1912"]
[PlyCount "47"]
[EventDate "2007.02.28"]
[EventType "tourn"]
[EventRounds "11"]
[EventCountry "ESP"]
[EventCategory "1"]
[Source "lmi"]
[SourceDate "2007.02.28"]

1. d4 d5 2. c4 c6 3. Nf3 Nf6 4. Qc2 g6 5. e3 Bf5 6. Qb3 Qb6 7. c5 Qc7 8. Nc3
Nbd7 9. Nh4 e5 10. Nxf5 gxf5 11. Qc2 e4 12. Ne2 Bh6 13. Ng3 f4 14. Nf5 Ng8 15.
Nd6+ Ke7 16. exf4 Ndf6 17. Be2 Qd7 18. h3 Rf8 19. g4 Ne8 20. g5 Bg7 21. Bg4 Qc7
22. Nf5+ Kd8 23. Qa4 a6 24. Bd2 1-0